000 01546nam0a2200385 4500
001 RU\NLR\bibl\323455
005 20260405113347.0
010 _a5-17-008108-1
_bВ пер.
_95000
021 _aRU
_b2002-33565
_91652
035 _a(NLR Aleph) 000318477
090 _a82040
_c82040
100 _a20021016d2002 |||y0rusy50 ca
101 0 _arus
102 _aRU
105 _aa |||||||||
200 1 _aРоссийская современная авиация
_eИл. справ.
_fВ. Беляев, В. Ильин
210 _aМ.
_cАСТ
_cАстрель
_d2002
215 _a319 с.
_cил.
_d20
225 1 _aВоенная техника
300 _aНа обл. авт. не указаны
313 _aсамолеты военные и гражданские
606 0 _aСамолетостроение
_jСправочники
_yРоссийская Федерация
_92264652
_3RU\NLR\auth\661357646
675 _a623.746(035.5)
_v3
_zrus
686 _a78.25
_2rugasnti
686 _a68.53я73
_2rubbk
686 _aО53я22
686 _aЦ651.11я22
700 1 _4070
_8rus
_7ca
_aБеляев
_bВ. В.
_cинженер, аэрогидродинамика
_gВиктор Викторович
_3RU\NLR\auth\7744067
_927009
701 1 _4070
_8rus
_7ca
_aИльин
_bВ. Е.
_cвоен. историк
_gВладимир Евгеньевич
_3RU\NLR\auth\7744013
_926955
801 0 _aRU
_bRKP
_c20021016
_gPSBO
801 1 _aRU
_bRKP
_c20021016
801 2 _aRU
_bNLR
_c20061024
_grcr
942 _cBOOK
980 _aNB